[Event "Montreal Mercredi 11"]
[Site "Montreal"]
[Date "2016.11.30"]
[Round "3"]
[White "Brassard, Sylvain"]
[Black "Fortin Lavoie, Patrice"]
[Result "1-0"]
[WhiteElo "1824"]
[BlackElo "1783"]
[PlyCount "97"]
[EventDate "2016.11.16"]
[EventType "swiss"]
[EventRounds "5"]
[EventCountry "CAN"]
[SourceTitle "EXT 2022"]
[Source "ChessBase"]
[SourceDate "2021.10.06"]
[SourceVersion "1"]
[SourceVersionDate "2021.10.06"]
[SourceQuality "1"]

1. f4 d5 2. b3 Bf5 3. e3 e6 4. Nf3 Be7 5. Bb2 f6 6. Be2 Nh6 7. Nd4 0-0 8. g4 Be4 9. Rg1 Qd7 10. d3 c5 11. dxe4 cxd4 12. Qxd4 Nc6 13. Qd2 Rfd8 14. exd5 Nb4 15. Nc3 exd5 16. 0-0-0 d4 17. Qxd4 Qxd4 18. Rxd4 Bc5 19. Rxd8+ Rxd8 20. Rg3 Kf8 21. e4 Nf7 22. a3 Nc6 23. Bc4 Nd6 24. Bd5 Nd4 25. b4 Bb6 26. Rd3 Rc8 27. e5 fxe5 28. fxe5 Nc4 29. Bxc4 Rxc4 30. Kb1 Nc6 31. Nd5 Rxg4 32. Nxb6 axb6 33. Rd7 Rg1+ 34. Ka2 Re1 35. Rxb7 Nxe5 36. Rxb6 Ke7 37. Rb7+ Kf6 38. Rb5 Ke6 39. Rxe5+ Rxe5 40. Bxe5 Kxe5 41. a4 Kd6 42. Kb3 g5 43. Kc4 Kc6 44. Kd4 h6 45. Ke4 Kd6 46. Kf5 Kd5 47. a5 Kc6 48. Kg6 Kb5 49. Kxh6 1-0

[Event "Montreal Mercredi 11"]
[Site "Montreal"]
[Date "2016.11.23"]
[Round "2"]
[White "Fortin Lavoie, Patrice"]
[Black "Gauthier, Luc"]
[Result "1-0"]
[WhiteElo "1783"]
[BlackElo "1771"]
[PlyCount "57"]
[EventDate "2016.11.16"]
[EventType "swiss"]
[EventRounds "5"]
[EventCountry "CAN"]
[SourceTitle "EXT 2022"]
[Source "ChessBase"]
[SourceDate "2021.10.06"]
[SourceVersion "1"]
[SourceVersionDate "2021.10.06"]
[SourceQuality "1"]

1. c4 f5 2. d4 Nf6 3. Nf3 e6 4. e3 b6 5. Be2 Bb7 6. 0-0 Be7 7. b3 0-0 8. Ne5 d6 9. Nd3 Qe8 10. Nc3 Nbd7 11. Nf4 Bd8 12. d5 e5 13. Ne6 Rf7 14. Qc2 e4 15. Nb5 Nf8 16. Ng5 Re7 17. Nd4 Bc8 18. Qc3 h6 19. Nh3 g5 20. Bb2 Rg7 21. Nc6 N8d7 22. f3 Ne5 23. Nxd8 Qxd8 24. f4 g4 25. fxe5 gxh3 26. exf6 Rxg2+ 27. Kh1 Kf7 28. Bh5+ Kf8 29. f7 1-0

[Event "Montreal Mercredi 08"]
[Site "Montreal"]
[Date "2016.09.14"]
[Round "3"]
[White "Cisse, Lamine"]
[Black "Fortin Lavoie, Patrice"]
[Result "0-1"]
[WhiteElo "1800"]
[BlackElo "1796"]
[PlyCount "60"]
[EventDate "2016.08.31"]
[EventType "swiss"]
[EventRounds "5"]
[EventCountry "CAN"]
[SourceTitle "EXT 2022"]
[Source "ChessBase"]
[SourceDate "2021.10.06"]
[SourceVersion "1"]
[SourceVersionDate "2021.10.06"]
[SourceQuality "1"]

1. d4 d5 2. e3 Nc6 3. Bd3 e5 4. dxe5 Nxe5 5. Be2 Nf6 6. Nf3 Bd6 7. 0-0 Qe7 8. Nbd2 Bd7 9. Nxe5 Qxe5 10. Nf3 Qe7 11. c4 dxc4 12. Bxc4 0-0-0 13. Qb3 Ng4 14. e4 f6 15. Be3 Nxe3 16. Qxe3 Bc5 17. Qe2 Bg4 18. Rac1 Rhe8 19. Bd3 Bb6 20. h3 Bh5 21. g4 Bg6 22. Nd2 Qd6 23. Rc3 Qg3+ 24. Kh1 Qxh3+ 25. Kg1 Qg3+ 26. Kh1 Qf4 27. f3 h5 28. Nc4 Bd4 29. Ne3 Bxe3 30. Bc4 Rd2 0-1

[Event "Montreal Mercredi 10"]
[Site "Montreal"]
[Date "2015.10.30"]
[Round "2"]
[White "Fortin Lavoie, Patrice"]
[Black "Beaulieu, Pierre"]
[Result "0-1"]
[WhiteElo "1825"]
[BlackElo "1885"]
[PlyCount "46"]
[EventDate "2015.10.14"]
[EventType "swiss"]
[EventRounds "5"]
[EventCountry "CAN"]
[SourceTitle "EXT 2022"]
[Source "ChessBase"]
[SourceDate "2021.10.06"]
[SourceVersion "1"]
[SourceVersionDate "2021.10.06"]
[SourceQuality "1"]

1. c4 Nf6 2. Nf3 g6 3. Nc3 Bg7 4. e4 d6 5. h3 c5 6. d3 e5 7. Bg5 h6 8. Be3 Nc6 9. g4 Be6 10. g5 Nh5 11. Qd2 Nd4 12. Bg2 Nf4 13. Bxf4 exf4 14. gxh6 Bxh6 15. Nd5 Bxd5 16. cxd5 Qb6 17. h4 Bg7 18. 0-0 Nxf3+ 19. Bxf3 Rxh4 20. Rab1 a5 21. a3 Qd8 22. b4 Qg5+ 23. Bg2 Rg4 0-1

[Event "Montreal Mercredi 11"]
[Site "Montreal"]
[Date "2014.11.19"]
[Round "1"]
[White "Brassard, Sylvain"]
[Black "Fortin Lavoie, Patrice"]
[Result "1-0"]
[WhiteElo "1786"]
[BlackElo "1786"]
[PlyCount "153"]
[EventDate "2014.11.19"]
[EventType "swiss"]
[EventRounds "5"]
[EventCountry "CAN"]
[SourceTitle "EXT 2022"]
[Source "ChessBase"]
[SourceDate "2021.10.06"]
[SourceVersion "1"]
[SourceVersionDate "2021.10.06"]
[SourceQuality "1"]

1. d4 d5 2. c4 Nc6 3. Nc3 dxc4 4. Nf3 Bg4 5. e3 e5 6. d5 Bxf3 7. gxf3 Nb8 8. Bxc4 Nd7 9. Qb3 Nc5 10. Qb5+ Qd7 11. Ne4 a6 12. Qxd7+ Nxd7 13. a3 0-0-0 14. b4 Nb6 15. Bb3 Nxd5 16. Ng5 Nh6 17. e4 Nf4 18. Bxf4 exf4 19. Bxf7 Kb8 20. Bb3 Rd3 21. Bd5 Be7 22. h4 Bf6 23. Ke2 Rc3 24. Rhc1 Re8 25. Rxc3 Bxc3 26. Ra2 Bf6 27. Rd2 Nf5 28. Nxh7 Bxh4 29. Bf7 Re7 30. Bg6 Nd6 31. Rd5 Nc4 32. Rh5 Bf6 33. Nxf6 gxf6 34. a4 Ne5 35. Bf5 Re8 36. Rh6 Rd8 37. Rxf6 Rd4 38. Rf8+ Ka7 39. Re8 Nc6 40. b5 Nb8 41. e5 Rxa4 42. bxa6 Rxa6 43. e6 Ra5 44. e7 Re5+ 45. Kd3 Nc6 46. Rf8 Nxe7 47. Be4 c6 48. Rxf4 Nd5 49. Rf7 Kb6 50. f4 Rh5 51. f5 Rh3+ 52. Kd4 Rh4 53. Ke5 Nc3 54. f3 Rh5 55. Ke6 Rh6+ 56. f6 Rh4 57. Ke5 Rh5+ 58. Ke6 Rh4 59. Kf5 Nxe4 60. fxe4 c5 61. Rd7 c4 62. f7 Rh1 63. Ke5 Rf1 64. Kd4 Kc6 65. Re7 b5 66. e5 Rd1+ 67. Kc3 Rd3+ 68. Kc2 Rf3 69. e6 b4 70. Re8 b3+ 71. Kc1 Rf1+ 72. Kb2 Rf2+ 73. Kc3 b2 74. Rb8 b1Q 75. Rxb1 Kd6 76. Rb6+ Ke7 77. Kxc4 1-0

[Event "Montreal Mercredi 09"]
[Site "Montreal"]
[Date "2014.09.03"]
[Round "1"]
[White "Fortin Lavoie, Patrice"]
[Black "Baran, Marius"]
[Result "0-1"]
[WhiteElo "1854"]
[BlackElo "1812"]
[PlyCount "86"]
[EventDate "2014.09.03"]
[EventType "swiss"]
[EventRounds "5"]
[EventCountry "CAN"]
[SourceTitle "EXT 2022"]
[Source "ChessBase"]
[SourceDate "2021.10.06"]
[SourceVersion "1"]
[SourceVersionDate "2021.10.06"]
[SourceQuality "1"]

1. e4 c5 2. Nf3 d6 3. d4 cxd4 4. Nxd4 Nf6 5. Nc3 g6 6. Be2 Bg7 7. Be3 0-0 8. Qd2 Nc6 9. 0-0-0 Bd7 10. h4 h5 11. f3 Nxd4 12. Bxd4 Qa5 13. Kb1 Rfc8 14. g4 Be6 15. gxh5 Nxh5 16. Bxg7 Kxg7 17. Rdg1 Bxa2+ 18. Kc1 Be6 19. Qd4+ Qe5 20. Qxe5+ dxe5 21. Nd5 Bxd5 22. exd5 Nf4 23. Bd1 Rc5 24. h5 Rh8 25. hxg6 Rxh1 26. Rxh1 Nxg6 27. c3 Rxd5 28. Bc2 b6 29. Be4 Rd6 30. Rh5 f6 31. Rh1 e6 32. Rg1 f5 33. Bc2 Kf6 34. Rh1 Nf4 35. b4 Rc6 36. Kb2 Nd5 37. Bb3 Kg5 38. b5 Rc7 39. Rd1 Nxc3 40. Re1 Kf4 41. Bxe6 Nxb5 42. Bd5 Nd4 43. Ka3 Nc2+ 0-1

[Event "Montreal Mercredi 04"]
[Site "Montreal"]
[Date "2014.04.02"]
[Round "1"]
[White "Dumouchel, Alain"]
[Black "Fortin Lavoie, Patrice"]
[Result "1-0"]
[WhiteElo "1951"]
[BlackElo "1828"]
[PlyCount "68"]
[EventDate "2014.04.02"]
[EventType "swiss"]
[EventRounds "5"]
[EventCountry "CAN"]
[SourceTitle "EXT 2022"]
[Source "ChessBase"]
[SourceDate "2021.10.06"]
[SourceVersion "1"]
[SourceVersionDate "2021.10.06"]
[SourceQuality "1"]

1. e4 Nc6 2. d4 e5 3. Nf3 exd4 4. Bc4 Bb4+ 5. c3 dxc3 6. 0-0 Nge7 7. bxc3 Ba5 8. Ng5 d5 9. exd5 Ne5 10. Qa4+ Bd7 11. Bb5 c6 12. dxc6 bxc6 13. Be2 0-0 14. Ba3 Nd5 15. Bxf8 Qxg5 16. f4 Bb6+ 17. Kh1 Qh4 18. g3 Qh3 19. fxe5 Rxf8 20. Qe4 Re8 21. Nd2 f6 22. Bc4 Rxe5 23. Qg2 Qh5 24. Rfe1 Be6 25. Nf3 Ne3 26. Bxe6+ Rxe6 27. Qe2 Qd5 28. Rad1 Qe4 29. Rd3 Ng4 30. Qxe4 Nf2+ 31. Kg2 Rxe4 32. Rxe4 Nxe4 33. Nd4 Ng5 34. Nxc6 Kf7 1-0

[Event "Montreal Mercredi 11"]
[Site "Montreal"]
[Date "2013.11.13"]
[Round "1"]
[White "Cote, Philippe"]
[Black "Fortin Lavoie, Patrice"]
[Result "0-1"]
[WhiteElo "1736"]
[BlackElo "1723"]
[PlyCount "28"]
[EventDate "2013.11.13"]
[EventType "swiss"]
[EventRounds "5"]
[EventCountry "CAN"]
[SourceTitle "EXT 2022"]
[Source "ChessBase"]
[SourceDate "2021.10.06"]
[SourceVersion "1"]
[SourceVersionDate "2021.10.06"]
[SourceQuality "1"]

1. e4 e5 2. f4 exf4 3. Nf3 d6 4. Bc4 Nc6 5. d4 Qf6 6. Nc3 Nge7 7. 0-0 Bg4 8. e5 dxe5 9. Ne4 Qg6 10. Bd3 f5 11. Qe1 Bxf3 12. Rxf3 Nxd4 13. Rf2 fxe4 14. Bxe4 Qb6 0-1

[Event "Montreal Mercredi 08"]
[Site "Montreal"]
[Date "2013.09.25"]
[Round "5"]
[White "Fortin Lavoie, Patrice"]
[Black "Gauthier, Luc"]
[Result "0-1"]
[WhiteElo "1625"]
[BlackElo "1749"]
[PlyCount "72"]
[EventDate "2013.08.28"]
[EventType "swiss"]
[EventRounds "5"]
[EventCountry "CAN"]
[SourceTitle "EXT 2022"]
[Source "ChessBase"]
[SourceDate "2021.10.06"]
[SourceVersion "1"]
[SourceVersionDate "2021.10.06"]
[SourceQuality "1"]

1. e4 Nf6 2. Nc3 d5 3. exd5 Nxd5 4. Bc4 Nb6 5. Bb3 Nc6 6. Nf3 Bf5 7. 0-0 e6 8. Qe1 Be7 9. d3 0-0 10. Be3 Bf6 11. Rd1 Nd4 12. Nxd4 Bxd4 13. Ne4 Bxe3 14. fxe3 Qe7 15. Ng3 Bg6 16. e4 a5 17. a4 Qb4 18. Qf2 Nxa4 19. d4 Nb6 20. d5 a4 21. Rd4 Qc5 22. Ba2 e5 23. Rd3 Qxf2+ 24. Rxf2 Rad8 25. h4 h5 26. Nf5 Rd7 27. Rg3 Nc8 28. d6 Bxf5 29. Rxf5 Nxd6 30. Rxe5 Re8 31. Reg5 Nxe4 32. Rxg7+ Kh8 33. Rxf7 Rd1+ 34. Kh2 Nxg3 35. Kxg3 Rg8+ 36. Kh3 Rh1# 0-1

[Event "Montreal Mercredi 05"]
[Site "Montreal"]
[Date "2013.05.29"]
[Round "3"]
[White "Fortin Lavoie, Patrice"]
[Black "Baran, Marius"]
[Result "1-0"]
[WhiteElo "1617"]
[BlackElo "1572"]
[PlyCount "81"]
[EventDate "2013.05.15"]
[EventType "swiss"]
[EventRounds "5"]
[EventCountry "CAN"]
[SourceTitle "EXT 2014"]
[Source "ChessBase"]
[SourceDate "2013.11.20"]
[SourceVersion "1"]
[SourceVersionDate "2013.11.20"]
[SourceQuality "1"]

1. e4 c5 2. Nf3 d6 3. Bb5+ Bd7 4. Bxd7+ Qxd7 5. 0-0 Nc6 6. c3 Rc8 7. Na3 g6 8. d3 Bg7 9. Re1 Nf6 10. Nc2 0-0 11. d4 cxd4 12. Ncxd4 Ng4 13. b4 Nce5 14. Bd2 Nc4 15. Rb1 b5 16. Ng5 h6 17. Nh3 e5 18. Nb3 f5 19. f3 Nf6 20. Na5 fxe4 21. fxe4 Nxa5 22. bxa5 a6 23. Rb4 Ng4 24. a4 Rf6 25. axb5 axb5 26. Qe2 Qa7+ 27. Kh1 Nf2+ 28. Nxf2 Rxf2 29. Qd3 Rcf8 30. h3 Qxa5 31. Be3 R2f6 32. Rxb5 Qa6 33. c4 Kh7 34. Rd1 Ra8 35. Rb6 Qa2 36. Rxd6 Rxd6 37. Qxd6 Qxc4 38. Qd5 Ra4 39. Qd7 Qxe4 40. Bc5 Qf5 41. Qxa4 1-0

[Event "Montreal Mercredi 05"]
[Site "Montreal"]
[Date "2013.05.15"]
[Round "1"]
[White "Fortin Lavoie, Patrice"]
[Black "Chesnut, Walter"]
[Result "1/2-1/2"]
[WhiteElo "1617"]
[BlackElo "1597"]
[PlyCount "80"]
[EventDate "2013.05.15"]
[EventType "swiss"]
[EventRounds "5"]
[EventCountry "CAN"]
[SourceTitle "EXT 2014"]
[Source "ChessBase"]
[SourceDate "2013.11.20"]
[SourceVersion "1"]
[SourceVersionDate "2013.11.20"]
[SourceQuality "1"]

1. e4 e5 2. Nf3 Nf6 3. Bc4 Nxe4 4. d3 Nd6 5. Nxe5 Nxc4 6. Nxc4 d5 7. Ne3 c6 8. 0-0 Bd6 9. Nd2 0-0 10. Nf3 Nd7 11. b3 Ne5 12. Bb2 Nxf3+ 13. Qxf3 Qh4 14. h3 Qf4 15. Qxf4 Bxf4 16. Rfe1 Bd7 17. Ng4 Bxg4 18. hxg4 Rfe8 19. Bd4 b6 20. Kf1 f6 21. g3 Bd2 22. Re2 Bb4 23. a3 Rxe2 24. Kxe2 Re8+ 25. Kf3 Bd6 26. b4 Kf7 27. c3 c5 28. Be3 cxb4 29. axb4 Re7 30. g5 Rc7 31. gxf6 Kxf6 32. Rh1 Kg6 33. Rh4 Rxc3 34. Rg4+ Kf7 35. Rxg7+ Kxg7 36. Bd4+ Kg6 37. Bxc3 h5 38. b5 Kf5 39. Bh8 Be5 40. Bxe5 Kxe5 1/2-1/2

[Event "Montreal Mercredi 11"]
[Site "Montreal"]
[Date "2008.12.03"]
[Round "3"]
[White "Guindon, Alex"]
[Black "Fortin Lavoie, Patrice"]
[Result "0-1"]
[WhiteElo "1431"]
[BlackElo "1425"]
[PlyCount "54"]
[EventDate "2008.11.19"]
[EventType "tourn"]
[EventRounds "5"]
[EventCountry "CAN"]
[SourceTitle "EXT 2011"]
[Source "ChessBase"]
[SourceDate "2010.11.26"]
[SourceVersion "1"]
[SourceVersionDate "2010.11.26"]
[SourceQuality "1"]

1. d4 Nf6 2. Nf3 g6 3. Bf4 Bg7 4. e3 0-0 5. Be2 c5 6. c3 Nh5 7. Be5 f6 8. Bxb8 Rxb8 9. g4 cxd4 10. Nxd4 Nf4 11. exf4 e5 12. fxe5 fxe5 13. Bc4+ d5 14. Ne2 dxc4 15. Qxd8 Rxd8 16. h3 Bh6 17. 0-0 Be6 18. Ng3 Rd3 19. Na3 a6 20. Rfe1 Bf4 21. Kg2 Bd5+ 22. Ne4 Rf8 23. Re2 Bh6 24. Kf1 Rxh3 25. Kg1 Rf4 26. Ng3 Rxg4 27. Rxe5 Rh1# 0-1

[Event "Montreal Mercredi 10"]
[Site "Montreal"]
[Date "2007.10.10"]
[Round "1"]
[White "Bolduc, Rene"]
[Black "Fortin Lavoie, Patrice"]
[Result "1-0"]
[WhiteElo "1454"]
[BlackElo "1412"]
[PlyCount "92"]
[EventDate "2007.10.10"]
[EventType "swiss"]
[EventRounds "5"]
[EventCountry "CAN"]
[SourceTitle "EXT 2022"]
[Source "ChessBase"]
[SourceDate "2021.10.06"]
[SourceVersion "1"]
[SourceVersionDate "2021.10.06"]
[SourceQuality "1"]

1. d4 d5 2. c4 e6 3. Nf3 Nf6 4. Bg5 Be7 5. Nc3 0-0 6. e3 c6 7. Bd3 Nfd7 8. h4 f6 9. Qc2 f5 10. 0-0-0 Nf6 11. Bf4 Na6 12. c5 b6 13. Bxa6 Bxa6 14. Ne5 Bb7 15. Nd3 bxc5 16. Nxc5 Bc8 17. f3 Bd6 18. Bxd6 Qxd6 19. e4 e5 20. dxe5 Qxe5 21. Nd3 Qc7 22. e5 Nd7 23. Nxd5 Qa5 24. Ne7+ Kh8 25. e6 Nb6 26. Qc5 Qxc5+ 27. Nxc5 Re8 28. Nxc8 Raxc8 29. Nd7 Rxe6 30. Nxb6 axb6 31. Rd7 Re2 32. Rhd1 Rce8 33. R1d2 R2e5 34. Rf7 Rd5 35. Rxd5 cxd5 36. Kd2 g6 37. Rd7 Ra8 38. Rxd5 Rxa2 39. Rb5 Ra4 40. Rxb6 Rxh4 41. Ke3 Kg7 42. b4 Rh2 43. g3 g5 44. b5 Rb2 45. Rb8 Rb3+ 46. Kf2 Kf7 1-0